000 00622cam a22001931 4500
001 af 49000914
003 DLC
005 20260227110917.0
008 800816s1934 gw cf 000 0bger c
010 _aaf 49000914
035 _a(OCoLC)6628306
040 _aHarvard Univ. Library
_cOCl
_dDLC
042 _apremarc
050 0 0 _aDD231.H5
_bH625
245 0 0 _aHindenburg;
_bein Ehren- und Gedenkbuch für das deutsche Volk.
_cMit 32 Kupfertiefdrucktafeln und dem Wortlaut des Testamentes.
260 _aBerlin,
_bR. Hobbing
_c[1934]
300 _a95 p.
_bplates, ports.
_c25 cm.
600 1 0 _aHindenburg, Paul von,
_d1847-1934.
999 _c6776
_d6776